Irán : partos, sasánidas /

El universo de las formas es una colección publicada por editorial Aguilar en veintiocho volúmenes, incompleta en biblioteca, que trata sobre las características y esplendor de las expresiones artísticas en diferentes lugares del mundo y en épocas históricas distintas. Cada uno viene ilustrado en su...

Πλήρης περιγραφή

Αποθηκεύτηκε σε:
Λεπτομέρειες βιβλιογραφικής εγγραφής
Κύριος συγγραφέας: Ghirshman, Roman (autor)
Άλλοι συγγραφείς: Hoyo, Arturo del (traducción) (traducción)
Μορφή: Βιβλίο
Γλώσσα:Ισπανικά
Έκδοση: Madrid, España : Aguilar, 1962, c1962
Σειρά:(El Universo de las Formas)
Θέματα:
Ετικέτες: Προσθήκη ετικέτας
Δεν υπάρχουν, Καταχωρήστε ετικέτα πρώτοι!

MARC

LEADER 00000nam^a2200000^a^4500
001 000102983
005 20250521000000.0
009 20260310093333.704
037 |a Acervo ITESO - Biblioteca 
041 |a ESP 
082 |a 709.  |b UNI V. 5 
100 |a Ghirshman, Roman  |e (autor) 
240 1 4 |a [El universo de las formas] 
245 1 0 |a Irán :  |b partos, sasánidas /  |c R. Ghirshman ; tr. por A. del Hoyo. 
264 4 |a Madrid, España :  |b Aguilar,  |c 1962, c1962 
300 |a 403 p. 
336 |a texto  |b txt  |2 rdacontenido 
337 |a sin mediación  |b n  |2 rdamedio 
338 |a volumen  |b nc  |2 rdasoporte 
440 4 |a (El Universo de las Formas) 
520 |a El universo de las formas es una colección publicada por editorial Aguilar en veintiocho volúmenes, incompleta en biblioteca, que trata sobre las características y esplendor de las expresiones artísticas en diferentes lugares del mundo y en épocas históricas distintas. Cada uno viene ilustrado en su mayoría con láminas en blanco y negro, y en menor medida a color. El número de volumen es asignado según fueron clasificándose. 
520 |a Historia del arte persa, a partir de la conquista del imperio persa por Alejandro el Grande y durante el dominio sasánida. Sostiene el autor que la invasión griega en lugar de occidentalizar el arte parto llevó a iranizar occidente. Llegan luego los sasánidas, quienes fomentan un arte que afirma el poderío del Estado y de su sociedad feudal. 
649 |a XX 
650 |a Arte Persa -  |x Historia y Crítica -  |x Tema Principal 
650 |a Arte Iraní -  |x HistoriTa y Crítica 
650 |a Irán -  |x Historia -  |y Dominación Extranjera, 330 a.C.-228 d.C. 
650 |a Irán -  |x Historia -  |y Imperio Persa Sasánida, 228-637 
700 |a Hoyo, Arturo del  |e (traducción) 
910 |a Fondo Jesús Rodríguez 
920 |a Impresos - Libros 
930 |a Fondos Especiales 
905 |a 113 
901 |a 0500039053  |b IT2  |c ESP  |u 20250521 
902 |a https://opac.biblio.iteso.mx/vufind/Record/000102983